000
00309pab a2200121 454500
008
180718b xxu||||| |||| 00| 0 eng d
100
_a
Mitra, Soumya Kanti
245
_a
Earth Summit: creating a market for future
650
_a
Earth Summit
650
_a
Environment
773
_a
Economic Times
909
_a
21739
999
_c
21739
_d
21739